Leader xxxxxxxxxx
001 __ PCLIS00047046
005 __ 20041115104146.0008
010 0_ |a957-586-227-9|b平裝|dNT$130
100 __ |a20041115d1991 m y0chiy09 e
101 0_ |achi
102 __ |atw
105 __ |aa t 000cy
200 1_ |a人間的情懷|e豐子愷的漫畫選繹|f明川著
205 __ |a
210 __ |a台北市|c書林|d民80
215 0_ |a193 面|c圖|d21公分
225 __ |a|v
300 __ |a
681 __ |a855|b857
700 _1 |a明川|b|4
702 __ |a|b|4
801 _0 |atw|b海洋大學|c19930303
801 _1 |atw|b海洋大學|c19930303
801 _2 |atw|b元智|c20041115|gCCR
856 4_ |f封面檔|uhttp://lib.yzu.edu.tw/Cover/Cover20/P207824-1.jpg
856 4_ |f封面檔|uhttp://lib.yzu.edu.tw/Cover/Cover20/P207824-2.jpg
|